[Event "DRUZYNOWE MISTRZOSTWA POLSKI JUNIOROW - II LIGA"]
[Site "Szczyrk, CKiR Orle Gniazdo ul. Wrzosowa 28a"]
[Date "2014-07-30"]
[Round "6.25"]
[White "Snihur, Piotr"]
[Black "Kanicki, Krzysztof"]
[Result "1-0"]
[WhiteTitle "k"]
[BlackTitle "I+"]
[WhiteElo "2147"]
[BlackElo "2028"]

1. e4 c5 2. Nf3 Nc6 3. d4 cxd4 4. Nxd4 Nf6 5. Nc3 d6 6. Bc4 Qb6 7. Nb3 e6 8. Bf4
Ne5 9. Be2 Bd7 10. Be3 Qc7 11. Nb5 Bxb5 12. Bxb5+ Nfd7 13. Nd2 a6 14. Be2 Be7
15. f4 Nc6 16. O-O O-O 17. Nb3 Na5 18. Nxa5 Qxa5 19. c3 Nf6 20. Bd3 d5 21. e5
Bc5 22. exf6 Bxe3+ 23. Kh1 g6 24. Rf3 Ba7 25. Qe1 d4 26. f5 dxc3 27. Qh4 cxb2
28. Raf1 Qe5 29. Qh6 Qxf6 30. fxg6 Qg7 31. gxf7+ Rxf7 32. Qxe6 Raf8 33. Bc4 Be3
34. Rxf7 Rxf7 35. Qxf7+ Qxf7 36. Bxf7+ Kg7 37. Bb3 Bc1 38. Bc2 1-0

[Event "DRUZYNOWE MISTRZOSTWA POLSKI JUNIOROW - II LIGA"]
[Site "Szczyrk, CKiR Orle Gniazdo ul. Wrzosowa 28a"]
[Date "2014-07-30"]
[Round "6.26"]
[White "Marko, Piotr"]
[Black "Matlewski, Adam"]
[Result "1/2-1/2"]
[WhiteTitle "II"]
[BlackTitle "I"]
[WhiteElo "1628"]
[BlackElo "1685"]

1. e4 c6 2. Ne2 d5 3. e5 Bf5 4. Ng3 Bg6 5. h4 h6 6. h5 Bh7 7. e6 fxe6 8. d4 g5
9. hxg6 Bxg6 10. Bd3 Bxd3 11. Qxd3 Kd7 12. Nd2 Qe8 13. Nf3 Bg7 14. Bf4 h5 15.
O-O-O Bf6 16. Qe3 h4 17. Rde1 Qf7 18. Ne5+ Bxe5 19. Qxe5 Na6 20. Bg5 Nf6 21. Bxh4
Ng4 22. Qe2 Qf4+ 23. Kb1 Nc7 24. f3 Nf6 25. Bxf6 exf6 26. Nh5 Qxd4 27. c3 Qe5
28. Qxe5 fxe5 29. Rxe5 Kd6 30. Rhe1 Raf8 31. f4 Rhg8 32. g3 c5 33. Kc2 Rg6 34.
Kd2 Na8 35. g4 Nb6 36. b3 Nd7 37. R5e2 Rxg4 38. Rxe6+ Kc7 39. Rh6 Rh4 40. Rh7
Rfxf4 41. Ree7 Rh2+ 42. Ke3 Re4+ 43. Rxe4 dxe4 44. Nf6 Rxh7 45. Nxh7 Kd6 46. Ng5
Ke5 47. Nxe4 b5 48. Nd2 Nf6 49. a3 a5 50. c4 b4 51. Nf3+ Kf5 52. axb4 Ng4+ 53.
Kd2 axb4 54. Ne1 Ne5 55. Ke3 Ng4+ 56. Kf3 Nh2+ 57. Kg2 Ke4 58. Kxh2 Kd4 59. Kg2
Kc3 60. Kf2 Kxb3 61. Ke2 Kxc4 62. Kd2 Kb3 63. Kc1 Ka2 64. Nd3 b3 65. Nb2 Ka3 66.
Kb1 Kb4 67. Nd1 Kc4 68. Kb2 Kd3 69. Nc3 c4 70. Na4 1/2-1/2

[Event "DRUZYNOWE MISTRZOSTWA POLSKI JUNIOROW - II LIGA"]
[Site "Szczyrk, CKiR Orle Gniazdo ul. Wrzosowa 28a"]
[Date "2014-07-30"]
[Round "6.27"]
[White "Leskiewicz, Ignacy"]
[Black "Miszkielo, Bartosz"]
[Result "1/2-1/2"]
[WhiteTitle "I"]
[BlackTitle "I"]
[WhiteElo "1683"]
[BlackElo "1678"]

1. e4 c5 2. Nf3 Nc6 3. d4 cxd4 4. Nxd4 e5 5. Nb5 d6 6. N1c3 a6 7. Na3 b5 8. Nd5
Be7 9. Be3 Rb8 10. c4 b4 11. Nc2 Nf6 12. f3 O-O 13. b3 a5 14. Bd3 a4 15. O-O Nxd5
16. exd5 Na5 17. f4 exf4 18. Bxf4 Bd7 19. Ne3 Qb6 20. Qc2 f5 21. c5 dxc5 22. Bc4
Bd6 23. Bxd6 Qxd6 24. Nxf5 Bxf5 25. Rxf5 Rxf5 26. Qxf5 Nxc4 27. bxc4 Rf8 28. Qc2
Qf4 29. Rd1 Qe3+ 30. Kh1 b3 31. axb3 axb3 32. Qb2 Ra8 33. d6 Rf8 34. d7 Qe7 35.
Qd2 Rd8 36. Qd5+ Kh8 37. Qb7 h6 38. Qxb3 Rxd7 39. Rxd7 Qxd7 40. h3 Qe7 41. Qb8+
Kh7 42. Qf4 Qa7 43. Kh2 Qb6 44. Qe4+ 1/2-1/2

[Event "DRUZYNOWE MISTRZOSTWA POLSKI JUNIOROW - II LIGA"]
[Site "Szczyrk, CKiR Orle Gniazdo ul. Wrzosowa 28a"]
[Date "2014-07-30"]
[Round "6.28"]
[White "Tokarz, Krzysztof"]
[Black "Krol, Marcin"]
[Result "0-1"]
[WhiteTitle "II"]
[BlackTitle "II+"]
[WhiteElo "1485"]
[BlackElo "1595"]

1. Nf3 d5 2. g3 Nf6 3. Bg2 e6 4. O-O Bd6 5. d3 O-O 6. Nbd2 c6 7. Qe1 e5 8. e4 Qc7
9. b3 Re8 10. Bb2 Nbd7 11. h3 h5 12. Nh4 Nf8 13. c4 dxc4 14. dxc4 Bc5 15. a3 a5
16. Bc3 Ne6 17. Nhf3 Nd4 18. b4 Nc2 19. Qd1 axb4 20. Qxc2 bxc3 21. Qxc3 Bd7 22.
a4 b6 23. Nb3 Nxe4 24. Qc2 Nf6 25. Nxc5 bxc5 26. Ng5 g6 27. Rfe1 Bf5 28. Qc3 Nd7
29. a5 f6 30. Ne4 Bxe4 31. Bxe4 f5 32. Bg2 e4 33. f4 Kf7 34. h4 Nf8 35. Qa3 Ne6
36. Ra2 Ra6 37. Qc3 Nd4 38. Kf2 Rb8 39. Qa3 Nb3 40. Qb2 Rxa5 41. Rxa5 Nxa5 42.
Qc3 Nb3 43. Bf1 Nd4 44. Rd1 Qb6 45. Be2 Qb2 46. Qe3 Rb3 47. Qd2 e3+ 0-1

[Event "DRUZYNOWE MISTRZOSTWA POLSKI JUNIOROW - II LIGA"]
[Site "Szczyrk, CKiR Orle Gniazdo ul. Wrzosowa 28a"]
[Date "2014-07-30"]
[Round "6.29"]
[White "Momot, Weronika"]
[Black "Rogacka, Natalia"]
[Result "1/2-1/2"]
[WhiteTitle "I"]
[BlackTitle "II+"]
[WhiteElo "1479"]
[BlackElo "1509"]

1. c4 Nf6 2. g3 g6 3. Bg2 Bg7 4. Nf3 d6 5. Nc3 e5 6. O-O O-O 7. d4 Nc6 8. dxe5
Nxe5 9. Nxe5 dxe5 10. Bg5 Qxd1 11. Raxd1 c6 12. b3 Bf5 13. Rd2 h6 14. Be3 a6 15.
Rfd1 Rac8 16. Bc5 Rfe8 17. Na4 Bf8 18. Bxf8 Rxf8 19. Nb6 Rce8 20. Rd6 Kg7 21.
c5 Re6 22. Nc4 Re7 23. Rd8 Rxd8 24. Rxd8 Nd7 25. Nd6 Nxc5 26. Ne8+ Kh7 27. Nf6+
Kg7 28. Ne8+ Kh7 29. Nf6+ Kg7 30. Ne8+ Kh7 31. Nf6+ Kg7 32. Ne8+ Kh7 33. Nf6+
Kg7 34. Ne8+ Kh7 1/2-1/2

[Event "DRUZYNOWE MISTRZOSTWA POLSKI JUNIOROW - II LIGA"]
[Site "Szczyrk, CKiR Orle Gniazdo ul. Wrzosowa 28a"]
[Date "2014-07-30"]
[Round "6.30"]
[White "Czarniecka, Aleksandra"]
[Black "Waligora, Julia"]
[Result "1-0"]
[WhiteTitle "I"]
[BlackTitle "II+"]
[WhiteElo "1260"]
[BlackElo "1271"]

1. e4 e6 2. d4 d5 3. Nc3 Bb4 4. e5 c5 5. a3 Bxc3+ 6. bxc3 Qa5 7. Bd2 c4 8. Qg4
g6 9. Nf3 Qa4 10. h4 h5 11. Qf4 Nc6 12. Ng5 Nh6 13. Qf6 Rg8 14. Nh7 Qxc2 15. Qg5
Ng4 16. f3 Rh8 17. Rc1 Qb2 18. fxg4 Rxh7 19. Be2 hxg4 20. Bxg4 Qxa3 21. h5 Qe7
22. Qf4 Bd7 23. Qg3 O-O-O 24. Bd1 Rdh8 25. Bg5 Qe8 26. Bf6 Rg8 27. h6 Ne7 28.
Qg5 Nf5 29. Rh3 Kc7 30. g4 Ng7 31. Qe3 Nf5 32. gxf5 gxf5 33. Qf2 Rg6 34. Rh1 Rgxh6
35. Rxh6 Rxh6 36. Qa2 Rh1+ 37. Kd2 a6 38. Qa5+ Kb8 39. Rb1 Bb5 40. Bd8 Qd7 41.
Qb6 Qc6 42. Qa5 Rh8 43. Be7 Qd7 44. Bd6+ Ka7 45. Bc5+ Kb8 46. Qb6 Rh2+ 47. Be2
Qc6 48. Qd8+ Qc8 49. Bd6+ Ka7 50. Qxc8 f4 51. Bc5+ b6 52. Qc7+ Ka8 53. Qxb6 f3
54. Qa7# 1-0

[Event "DRUZYNOWE MISTRZOSTWA POLSKI JUNIOROW - II LIGA"]
[Site "Szczyrk, CKiR Orle Gniazdo ul. Wrzosowa 28a"]
[Date "2014-07-30"]
[Round "6.31"]
[White "Lapaj, Mateusz"]
[Black "Tomczak, Mikolaj"]
[Result "0-1"]
[WhiteTitle "I++"]
[BlackTitle "k"]
[WhiteElo "2135"]
[BlackElo "2158"]

1. e4 c5 2. Nc3 Nc6 3. Nge2 g6 4. d4 cxd4 5. Nxd4 Bg7 6. Be3 Nf6 7. Bc4 Qa5 8.
O-O O-O 9. Nb3 Qc7 10. f4 d6 11. h3 a6 12. Be2 b5 13. Nd5 Nxd5 14. exd5 Na5 15.
Nxa5 Qxa5 16. c3 b4 17. Bd4 Bxd4+ 18. Qxd4 bxc3 19. bxc3 Bf5 20. g4 Bd7 21. f5
Rfc8 22. c4 Qc5 23. Qxc5 Rxc5 24. fxg6 hxg6 25. Bd3 e6 26. Rf6 Re8 27. Rb1 Kg7
28. Rf2 exd5 29. cxd5 Bb5 30. Bxb5 axb5 31. a4 bxa4 32. Rb7 Rf8 33. Ra7 Rxd5 34.
Rxa4 f5 35. g5 Re5 36. Ra7+ Rf7 37. Rfa2 f4 38. h4 f3 39. Rxf7+ Kxf7 40. Ra7+
Ke6 41. Kf2 Re4 42. Rg7 Kf5 43. Rf7+ Kg4 44. Rxf3 d5 45. Rf6 Kh5 46. Rd6 d4 47.
Kf3 Rxh4 48. Kg3 Re4 49. Kf3 Re3+ 50. Kf4 Rh3 51. Rd5 Rh1 52. Kg3 Rd1 53. Kf4
Kh4 54. Rd8 Rf1+ 55. Ke5 Kxg5 56. Rxd4 Re1+ 57. Kd5 Kf5 58. Rd2 g5 59. Rf2+ Kg4
60. Kd4 Kg3 61. Rf8 g4 62. Kd3 Kg2 63. Kd2 Re7 64. Rg8 g3 65. Rf8 Kh2 66. Rh8+
Kg1 67. Rh3 g2 68. Rh5 Kf2 69. Rf5+ Kg3 70. Rg5+ Kf3 71. Rg8 Re4 0-1

[Event "DRUZYNOWE MISTRZOSTWA POLSKI JUNIOROW - II LIGA"]
[Site "Szczyrk, CKiR Orle Gniazdo ul. Wrzosowa 28a"]
[Date "2014-07-30"]
[Round "6.32"]
[White "Pilzak, Marcin"]
[Black "Rosicki, Marcin"]
[Result "1/2-1/2"]
[WhiteTitle "I++"]
[BlackTitle "I"]
[WhiteElo "1974"]
[BlackElo "1776"]

1. e4 e5 2. Nf3 Nc6 3. Bc4 Nf6 4. d3 Bc5 5. c3 d6 6. Bb3 a6 7. O-O Ba7 8. Nbd2
O-O 9. Nc4 Ne7 10. Bg5 Ng6 11. Nh4 Bg4 12. Qxg4 Nxg4 13. Bxd8 Raxd8 14. Nxg6 hxg6
15. Na5 Rb8 16. Bd5 c6 17. Bb3 Rfd8 18. Rae1 Kf8 19. h3 Nf6 20. g3 g5 21. Kg2
Nh5 22. Bd1 Nf6 23. Bb3 Nh5 24. Bd1 Nf6 25. f4 gxf4 26. gxf4 Bb6 27. Nc4 Bc7 28.
fxe5 dxe5 29. Be2 b5 30. Ne3 c5 31. c4 Rb7 32. Rf5 Bb8 33. Ref1 Ng8 34. cxb5 axb5
35. Ng4 Re8 36. Rc1 Ne7 37. Rff1 Bd6 38. Ne3 Ra8 39. a3 Rd8 40. Bh5 f6 41. Rf2
Bb8 42. Rd2 Ba7 43. Kf3 Nc6 44. Nf5 b4 45. axb4 Nxb4 46. Ke2 Rbd7 47. Rcd1 Bb6
48. Ne3 Rd4 49. Nc4 Bc7 50. Ke3 Nc6 51. Bg4 Ke7 52. Bf5 Na5 53. Nxa5 Bxa5 54.
Rg2 g5 55. b3 Rb8 56. Ra2 Rb5 57. h4 gxh4 58. Rg1 Rxb3 59. Rxa5 Rdxd3+ 60. Ke2
Re3+ 61. Kd2 Red3+ 62. Kc2 1/2-1/2

[Event "DRUZYNOWE MISTRZOSTWA POLSKI JUNIOROW - II LIGA"]
[Site "Szczyrk, CKiR Orle Gniazdo ul. Wrzosowa 28a"]
[Date "2014-07-30"]
[Round "6.33"]
[White "Gora, Szczepan"]
[Black "Nowak, Mikolaj"]
[Result "0-1"]
[WhiteTitle "III"]
[BlackTitle "I"]
[WhiteElo "1115"]
[BlackElo "1717"]

1. e4 c6 2. d4 d5 3. exd5 cxd5 4. Bd3 Nc6 5. c3 Qc7 6. Be3 Nf6 7. Nd2 Bg4 8. Qb3
e6 9. Ngf3 Bd6 10. h3 Bh5 11. O-O O-O 12. Qc2 Rfc8 13. Rac1 Bg6 14. Rfe1 b5 15.
a3 a5 16. b4 axb4 17. axb4 Nxb4 18. cxb4 Qxc2 19. Rxc2 Bxd3 20. Rb2 Ra4 21. Ne5
Bg6 22. Nxg6 hxg6 23. Reb1 Nd7 24. Rb3 Nb8 25. Nf3 Rc4 26. Nd2 Rcxb4 27. Nf3 Rxb3
28. Rxb3 Ra1+ 0-1

[Event "DRUZYNOWE MISTRZOSTWA POLSKI JUNIOROW - II LIGA"]
[Site "Szczyrk, CKiR Orle Gniazdo ul. Wrzosowa 28a"]
[Date "2014-07-30"]
[Round "6.34"]
[White "Dembinski, Bartosz"]
[Black "Guzik, Tomasz"]
[Result "1-0"]
[WhiteTitle "II"]
[BlackTitle "III"]
[WhiteElo "1261"]
[BlackElo "1284"]

1. e4 e5 2. Nf3 Nc6 3. Nc3 Nf6 4. d4 exd4 5. Nxd4 Bb4 6. Nxc6 dxc6 7. Qxd8+ Kxd8
8. Bd2 Bxc3 9. Bxc3 Nxe4 10. Bxg7 Re8 11. O-O-O Bd7 12. Bd4 c5 13. Be3 b6 14.
Bd3 Kc8 15. Rhe1 Bc6 16. f3 Nd6 17. Bxh7 f5 18. Bf4 Rh8 19. Re7 Kd8 20. Rg7 Kc8
21. Bxd6 cxd6 22. Bxf5+ Kb8 23. Rxd6 a5 24. Rxc6 Ra7 25. Rxb6+ Ka8 26. Be4+ Rb7
27. Rbxb7 Rb8 28. Ra7# 1-0

[Event "DRUZYNOWE MISTRZOSTWA POLSKI JUNIOROW - II LIGA"]
[Site "Szczyrk, CKiR Orle Gniazdo ul. Wrzosowa 28a"]
[Date "2014-07-30"]
[Round "6.35"]
[White "Konopacka, Martyna"]
[Black "Glapa, Anna"]
[Result "1-0"]
[WhiteTitle "I"]
[BlackTitle "I++"]
[WhiteElo "1715"]
[BlackElo "1680"]

1. e4 c5 2. Nc3 Nc6 3. Nge2 d6 4. d3 g6 5. g3 Bg7 6. Bg2 e5 7. Nd5 Nge7 8. Nec3
Be6 9. Be3 Nd4 10. Nxe7 Qxe7 11. Nd5 Qd7 12. c3 Bxd5 13. exd5 Nf5 14. Bd2 Bh6
15. O-O O-O 16. f4 exf4 17. Bh3 Qb5 18. Bxf5 gxf5 19. Qh5 Qxb2 20. Rad1 Bg7 21.
Rxf4 Bxc3 22. Rh4 Rfe8 23. Qxh7+ Kf8 24. Bh6+ Bg7 25. Qh8+ Ke7 26. Qxg7 Qxg7 27.
Bxg7 Rg8 28. Re1+ Kd7 29. Rh7 b5 30. Bh6 c4 31. Rxf7+ 1-0

[Event "DRUZYNOWE MISTRZOSTWA POLSKI JUNIOROW - II LIGA"]
[Site "Szczyrk, CKiR Orle Gniazdo ul. Wrzosowa 28a"]
[Date "2014-07-30"]
[Round "6.36"]
[White "Tomczak, Marta"]
[Black "Zamarska, Sylwia"]
[Result "0-1"]
[WhiteTitle "II"]
[BlackTitle "II"]
[WhiteElo "1293"]
[BlackElo "1313"]

1. e4 c6 2. d4 d5 3. exd5 cxd5 4. Bd3 Nc6 5. c3 Nf6 6. Bf4 Bg4 7. Qb3 Qd7 8. Nd2
e6 9. Ngf3 Bxf3 10. Nxf3 Bd6 11. Ne5 Qc7 12. Qa4 O-O 13. O-O Nxe5 14. dxe5 Bxe5
15. Bxe5 Qxe5 16. Rfe1 Qd6 17. Re3 h6 18. Qh4 Kh8 19. Rh3 Rad8 20. Bc2 Qc5 21.
Qf4 Ng8 22. Qf3 f5 23. Bb3 Nf6 24. Rd1 Ne4 25. Qf4 Rf6 26. Rd4 g5 27. Qe5 Kg7
28. Bc4 Qd6 29. Qxd6 Rxd6 30. Bb3 Nc5 31. Bc2 e5 32. Rd1 e4 33. b4 Ne6 34. Bb3
Nc7 35. Re3 Rf8 36. Re2 Rfd8 37. Red2 Kf6 38. f3 e3 39. Re2 f4 40. g3 d4 41. cxd4
Rxd4 42. Rc1 Ne6 43. g4 Rd2 44. Rc2 Rxe2 45. Rxe2 Nd4 46. Rb2 Nxb3 47. axb3 Rd1+
48. Kg2 Rd2+ 49. Rxd2 exd2 50. Kf2 d1=Q 51. b5 Qd2+ 52. Kf1 Qe3 53. b4 Qxf3+ 54.
Ke1 Qg2 55. Kd1 f3 56. Kc1 Qe2 57. Kb1 f2 58. Kc1 f1=R# 0-1

[Event "DRUZYNOWE MISTRZOSTWA POLSKI JUNIOROW - II LIGA"]
[Site "Szczyrk, CKiR Orle Gniazdo ul. Wrzosowa 28a"]
[Date "2014-07-30"]
[Round "6.37"]
[White "Ruttar, Lukasz"]
[Black "Korpalski, Maciej"]
[Result "0-1"]
[WhiteTitle "II"]
[BlackTitle "I"]
[WhiteElo "1507"]
[BlackElo "1739"]

1. e4 c5 2. Nf3 d6 3. d4 cxd4 4. Nxd4 Nf6 5. Nc3 e6 6. Be2 a6 7. Be3 Qc7 8. a4
b6 9. O-O Bb7 10. f3 Nbd7 11. Qe1 d5 12. exd5 Nxd5 13. Nxd5 Bxd5 14. Rc1 Bd6 15.
Qh4 Ne5 16. Rfd1 O-O 17. Qh3 Rfd8 18. Rd2 Bc4 19. b3 Bxe2 20. Rxe2 Qc3 21. f4
Ng6 22. f5 Nf4 23. Bxf4 Qxh3 24. gxh3 Bxf4 25. Rf1 Rxd4 26. fxe6 fxe6 27. Rxe6
Rf8 28. Re2 Rd6 29. Rfe1 Bd2 30. Ra1 Bc3 31. Rb1 Rg6+ 32. Kh1 Rf3 33. h4 Rh3 34.
Rf1 Rf6 35. Rxf6 gxf6 36. Re6 Bd4 37. Re4 Be5 38. Kg1 Kf7 0-1

[Event "DRUZYNOWE MISTRZOSTWA POLSKI JUNIOROW - II LIGA"]
[Site "Szczyrk, CKiR Orle Gniazdo ul. Wrzosowa 28a"]
[Date "2014-07-30"]
[Round "6.38"]
[White "Korpalska, Joanna"]
[Black "Zarnowski, Krzysztof"]
[Result "0-1"]
[WhiteTitle "I++"]
[BlackTitle "I+"]
[WhiteElo "1695"]
[BlackElo "1906"]

1. e4 c5 2. Nf3 d6 3. d4 cxd4 4. Nxd4 Nf6 5. Nc3 a6 6. f3 e5 7. Nb3 Be6 8. Be3
Nbd7 9. Qd2 Be7 10. O-O-O O-O 11. g4 b5 12. h4 Nb6 13. Na5 Qc7 14. Kb1 b4 15.
Ne2 d5 16. g5 Nfd7 17. Ng3 d4 18. Bf2 Na4 19. Nb3 a5 20. Nf5 Ndb6 21. Bg3 Bc4
22. Nbxd4 Bxf1 23. Rdxf1 Nc4 24. Qh2 Naxb2 25. Nxe7+ Qxe7 26. Nc6 Qc5 27. Nxe5
Na3+ 28. Kc1 Rac8 29. Rf2 Qe3+ 30. Kxb2 Qc3+ 31. Kc1 Rfd8 32. Nd3 Rxd3 33. Be5
Qc5 34. Re1 Rcd8 35. Rfe2 a4 36. Bb2 b3 37. axb3 Rxb3 38. c3 Rxc3+ 39. Bxc3 Qxc3+
40. Rc2 Qa1# 0-1

[Event "DRUZYNOWE MISTRZOSTWA POLSKI JUNIOROW - II LIGA"]
[Site "Szczyrk, CKiR Orle Gniazdo ul. Wrzosowa 28a"]
[Date "2014-07-30"]
[Round "6.39"]
[White "Swider, Pawel"]
[Black "Wrobel, Michal"]
[Result "1/2-1/2"]
[WhiteTitle "II"]
[BlackTitle "I"]
[WhiteElo "1400"]
[BlackElo "1720"]

1. d4 d5 2. c4 e6 3. Nc3 Nf6 4. Bg5 Be7 5. e3 O-O 6. Nf3 c6 7. Bd3 Nbd7 8. O-O
dxc4 9. Bxc4 b5 10. Bd3 Bb7 11. Qc2 a6 12. Ne4 Nxe4 13. Bxe7 Qxe7 14. Bxe4 f5
15. Bd3 c5 16. dxc5 Nxc5 17. Nd4 Rac8 18. Rac1 Nxd3 19. Qxd3 Qg5 20. f3 Bd5 21.
b3 Qg6 22. Kh1 Qf7 23. Ne2 g5 24. Rxc8 Rxc8 25. Rc1 Rxc1+ 26. Nxc1 g4 27. f4 Qc7
28. Ne2 Qb7 29. Kg1 Kf7 30. Qc3 Bxg2 31. Qh8 Qf3 32. Qxh7+ Kf6 33. Ng3 Qxe3+ 34.
Kxg2 Qf3+ 35. Kg1 Qe3+ 36. Kg2 Qf3+ 37. Kg1 Qe3+ 38. Kg2 Qf3+ 39. Kg1 Qe3+ 40.
Kg2 Qf3+ 1/2-1/2

[Event "DRUZYNOWE MISTRZOSTWA POLSKI JUNIOROW - II LIGA"]
[Site "Szczyrk, CKiR Orle Gniazdo ul. Wrzosowa 28a"]
[Date "2014-07-30"]
[Round "6.40"]
[White "Kawaler, Adam"]
[Black "Krezolek, Mateusz"]
[Result "1-0"]
[WhiteTitle "I"]
[BlackTitle "III"]
[WhiteElo "1610"]
[BlackElo "1113"]

1. e4 c6 2. d4 d5 3. exd5 cxd5 4. c4 Nf6 5. Nc3 Bf5 6. Qb3 Qc7 7. cxd5 a6 8. Bd2
b5 9. Rc1 Qb6 10. Nf3 Nbd7 11. Bxb5 axb5 12. Nxb5 Kd8 13. Rc6 Qb7 14. Bf4 e5 15.
Nxe5 Bg6 16. Nxg6 hxg6 17. Bc7+ Kc8 18. Nd6+ 1-0

[Event "DRUZYNOWE MISTRZOSTWA POLSKI JUNIOROW - II LIGA"]
[Site "Szczyrk, CKiR Orle Gniazdo ul. Wrzosowa 28a"]
[Date "2014-07-30"]
[Round "6.41"]
[White "Ziemba, Magdalena"]
[Black "Sekowska, Helena"]
[Result "1/2-1/2"]
[WhiteTitle "I"]
[BlackTitle "I"]
[WhiteElo "1589"]
[BlackElo "1489"]

1. d4 Nf6 2. c4 c5 3. e3 e6 4. Nc3 cxd4 5. exd4 d5 6. Nf3 Nc6 7. Bg5 Be7 8. cxd5
Nxd5 9. Bxe7 Ncxe7 10. Qc2 O-O 11. Ne5 Nb4 12. Qe2 b6 13. Nd3 Qxd4 14. Rd1 Nxd3+
15. Rxd3 Qb4 16. a3 Qa5 17. Qe4 Ba6 18. Rh3 h6 19. b4 Qxa3 20. b5 Qc1+ 21. Nd1
Rad8 22. Bd3 Rxd3 23. Qxd3 Bb7 24. O-O Qc7 25. Qa3 Be4 26. Rc3 Qd7 27. Ne3 Nd5
28. Nxd5 Bxd5 29. Rfc1 Qxb5 30. Qxa7 Qb4 31. h3 Qe4 32. Rg3 b5 33. Qa1 f6 34.
Qa7 g5 35. Qd7 b4 36. Rc7 Qg6 37. Re3 b3 38. Rxe6 Bxe6 39. Qxe6+ Kh8 40. Qxb3
Qe4 41. Qc3 1/2-1/2

[Event "DRUZYNOWE MISTRZOSTWA POLSKI JUNIOROW - II LIGA"]
[Site "Szczyrk, CKiR Orle Gniazdo ul. Wrzosowa 28a"]
[Date "2014-07-30"]
[Round "6.42"]
[White "Frej, Hanna"]
[Black "Pedrak, Paulina"]
[Result "0-1"]
[WhiteTitle "II"]
[BlackTitle "I"]
[WhiteElo "1356"]
[BlackElo "1395"]

1. e4 c5 2. Nc3 a6 3. a4 e6 4. f4 Qc7 5. d3 d6 6. Nf3 Nd7 7. g3 b6 8. Bg2 Bb7 9.
O-O Ne7 10. Bd2 Nc6 11. Re1 Be7 12. h3 O-O 13. g4 Nb4 14. f5 exf5 15. gxf5 Bf6
16. Rb1 d5 17. Ne2 dxe4 18. Bf4 Ne5 19. dxe4 Rad8 20. Qc1 Rfe8 21. Rf1 Qc6 22.
Nc3 Nc4 23. Rd1 Rxd1+ 24. Qxd1 Rd8 25. Qe2 Bd4+ 26. Kh1 Nd6 27. Ng5 Qd7 28. Nd1
Nc6 29. c3 Be5 30. Bxe5 Nxe5 31. h4 h6 32. Nh3 Qxa4 33. Nf4 Bxe4 34. Bxe4 Qxe4+
35. Qxe4 Nxe4 36. Ne3 Rd2 37. b3 Ng3+ 38. Kg1 Nf3# 0-1

[Event "DRUZYNOWE MISTRZOSTWA POLSKI JUNIOROW - II LIGA"]
[Site "Szczyrk, CKiR Orle Gniazdo ul. Wrzosowa 28a"]
[Date "2014-07-30"]
[Round "6.43"]
[White "Banach, Szymon"]
[Black "Osinski, Emil"]
[Result "1/2-1/2"]
[WhiteTitle "I+"]
[BlackTitle "I"]
[WhiteElo "1891"]
[BlackElo "1937"]

1. e4 c5 2. Nc3 e6 3. f4 a6 4. Nf3 b5 5. d3 Bb7 6. g3 d6 7. Bg2 Nd7 8. O-O Qc7
9. a4 b4 10. Nb1 Be7 11. Qe1 Ngf6 12. b3 O-O 13. Nbd2 a5 14. Bb2 d5 15. h3 d4
16. Nc4 Nb6 17. Nxb6 Qxb6 18. Ne5 Qc7 19. Rd1 Nd7 20. Nc4 Nb6 21. Nxb6 Qxb6 22.
g4 Qd8 23. f5 Bh4 24. Qe2 e5 25. Bc1 h6 26. Bd2 Ra6 27. Kh2 Bc6 28. Qf3 Bd7 29.
Rg1 Qe8 30. Ra1 Qe7 31. Bf1 Kh7 32. Be2 Rh8 33. Rg2 Kg8 34. Rag1 Bg5 35. Be1 Kf8
36. Kh1 Bh4 37. Bxh4 Qxh4 38. Kh2 f6 39. Qg3 Qxg3+ 40. Rxg3 Be8 41. h4 Bf7 42.
R1g2 Rh7 43. Kg1 Rb6 44. Rh2 Rd6 45. Rgh3 Kg8 46. Kg2 Rb6 47. Kg3 Rd6 48. Bf3
Rb6 49. Rh1 Rd6 50. h5 1/2-1/2

[Event "DRUZYNOWE MISTRZOSTWA POLSKI JUNIOROW - II LIGA"]
[Site "Szczyrk, CKiR Orle Gniazdo ul. Wrzosowa 28a"]
[Date "2014-07-30"]
[Round "6.44"]
[White "Wolniaczyk, Bartosz"]
[Black "Kaminski, Piotr"]
[Result "0-1"]
[WhiteTitle "II"]
[BlackTitle "II+"]
[WhiteElo "1581"]
[BlackElo "1601"]

1. e4 c5 2. Nf3 g6 3. d4 cxd4 4. Nxd4 Nc6 5. Be3 Nf6 6. Nc3 Bg7 7. f3 O-O 8. Bc4
Qb6 9. Qd3 Ne5 10. Qe2 Qxb2 11. Ndb5 Qxa1+ 12. Nd1 Nxc4 13. Qxc4 Qe5 14. Bd4 Qh5
15. g4 Nxg4 16. fxg4 Qxg4 17. Nf2 Qf4 18. Bc5 d6 19. Nd3 Qg5 20. Bf2 Be6 0-1

[Event "DRUZYNOWE MISTRZOSTWA POLSKI JUNIOROW - II LIGA"]
[Site "Szczyrk, CKiR Orle Gniazdo ul. Wrzosowa 28a"]
[Date "2014-07-30"]
[Round "6.45"]
[White "Mietkiewicz, Jacek"]
[Black "Guzik, Natalia"]
[Result "0-1"]
[WhiteTitle "II+"]
[BlackTitle "I+"]
[WhiteElo "1564"]
[BlackElo "1539"]

1. d4 d5 2. c4 e6 3. Nc3 Nf6 4. Nf3 Be7 5. Bg5 Nbd7 6. e3 O-O 7. Bd3 a6 8. O-O
dxc4 9. Bxc4 b5 10. Bd3 c5 11. Qe2 c4 12. Bc2 Bb7 13. a3 Nb6 14. e4 h6 15. Bh4
Rb8 16. Rfd1 Nh5 17. Ne5 Bxh4 18. Qxh5 Qg5 19. Qxg5 Bxg5 20. Nf3 Be7 21. Kf1 f5
22. Ne5 Rf6 23. d5 exd5 24. Nxd5 Nxd5 25. exd5 Rd8 26. b3 Bxd5 27. bxc4 bxc4 28.
a4 Rfd6 29. Re1 Be6 30. Kg1 Bf6 31. h3 g5 32. Rab1 Bxe5 33. Rxe5 Kf7 34. Bxf5
Kf6 35. Rxe6+ Rxe6 36. Bxe6 Kxe6 37. Rb6+ Kd5 38. Rb1 Kc5 39. Kf1 c3 40. Rc1 Kc4
41. Ke1 Kb3 42. Rb1+ Ka2 43. Rc1 Kb2 0-1

[Event "DRUZYNOWE MISTRZOSTWA POLSKI JUNIOROW - II LIGA"]
[Site "Szczyrk, CKiR Orle Gniazdo ul. Wrzosowa 28a"]
[Date "2014-07-30"]
[Round "6.46"]
[White "Bakalarczyk, Jakub"]
[Black "Kukorowski, Jan"]
[Result "1-0"]
[WhiteTitle "II"]
[BlackTitle "II"]
[WhiteElo "1457"]
[BlackElo "1359"]

1. d4 Nf6 2. c4 c5 3. e3 d6 4. Nc3 Nbd7 5. g3 g6 6. Bg2 Bg7 7. Nge2 Rb8 8. O-O
O-O 9. b3 a6 10. a4 b6 11. Bb2 Ne8 12. Qc2 Ndf6 13. d5 Nc7 14. e4 Bd7 15. a5 b5
16. f4 Ng4 17. Rf3 bxc4 18. bxc4 Rb4 19. Nd1 Bxb2 20. Nxb2 f5 21. Rb3 Rxb3 22.
Qxb3 e6 23. h3 Nf6 24. e5 Nfe8 25. Nc3 Qe7 26. Re1 Ng7 27. Nd3 exd5 28. cxd5 Nb5
29. Na4 Nd4 30. Qa2 Bb5 31. exd6 Qxd6 32. Naxc5 Rc8 33. Nb7 Qd7 34. Ndc5 Qf7 35.
Nd6 Qf8 36. Nxc8 Qxc5 37. Ne7+ Kh8 38. Kh2 Bc4 39. Qb2 Bb5 40. Nc6 Bxc6 41. dxc6
h6 42. Qb8+ Kh7 43. c7 Nh5 44. Re7+ Qxe7 45. c8=Q 1-0

[Event "DRUZYNOWE MISTRZOSTWA POLSKI JUNIOROW - II LIGA"]
[Site "Szczyrk, CKiR Orle Gniazdo ul. Wrzosowa 28a"]
[Date "2014-07-30"]
[Round "6.47"]
[White "Wilk, Oktawia"]
[Black "Wojna, Ewelina"]
[Result "1-0"]
[WhiteTitle "I+"]
[BlackTitle "I"]
[WhiteElo "1662"]
[BlackElo "1565"]

1. e4 c5 2. Nf3 Nc6 3. d4 cxd4 4. Nxd4 g6 5. Nc3 Bg7 6. Be3 Nf6 7. Bc4 O-O 8. Bb3
a5 9. O-O Nxd4 10. Bxd4 d6 11. f3 Bd7 12. a4 Bc6 13. Qd3 Nd7 14. Bd5 Bxd4+ 15.
Qxd4 Nc5 16. b3 Rc8 17. Bc4 b6 18. Qd2 Qc7 19. Rad1 Qb7 20. Rfe1 Bd7 21. Qe2 Be6
22. Bxe6 Nxe6 23. Nd5 Nc5 24. Qb5 Rb8 25. Re3 Qa7 26. Qe2 Rfd8 27. c4 Qb7 28.
Qb2 f6 29. Rde1 Kf7 30. Qc3 Nd7 31. Qc2 Qc6 32. f4 Qc5 33. Kh1 e6 34. Nc3 Rbc8
35. Qe2 Nb8 36. f5 Qe5 37. fxe6+ Qxe6 38. Nd5 Nd7 39. Rf3 Kg7 40. Qf2 Rb8 41.
Rf1 Rf8 42. Qe3 Qe5 43. Rh3 h5 44. g4 Rh8 45. gxh5 Rxh5 46. Rxh5 Qxh5 47. Nf4
Qe5 48. Rg1 g5 49. Nh5+ Kg6 50. Nf4+ Kf7 51. Nd3 Qe6 52. Qf3 Rh8 53. Rxg5 Rh3
54. Rg3 Rh4 55. Nf2 Nc5 56. Rg4 Rxg4 57. Nxg4 Qxe4 58. Qxe4 Nxe4 59. Ne3 Nc5 60.
Nd5 Nxb3 61. Kg2 Nc5 62. Nxb6 Kg6 63. Kf3 Kf5 64. h4 Ne6 65. Nc8 Ke5 66. h5 f5
67. h6 Ng5+ 68. Kg3 f4+ 69. Kg4 f3 70. Kxg5 f2 71. h7 f1=Q 72. h8=Q+ Ke4 73. Nxd6+
Kd3 74. Qh7+ Kc3 75. Ne4+ Kb4 76. Qb7+ Kxa4 77. Nc5+ 1-0

[Event "DRUZYNOWE MISTRZOSTWA POLSKI JUNIOROW - II LIGA"]
[Site "Szczyrk, CKiR Orle Gniazdo ul. Wrzosowa 28a"]
[Date "2014-07-30"]
[Round "6.48"]
[White "Bakalarczyk, Zuzanna"]
[Black "Szelag, Zuzanna"]
[Result "0-1"]
[WhiteTitle "II"]
[BlackTitle "I"]
[WhiteElo "1239"]
[BlackElo "1483"]

1. e4 c5 2. Nf3 Nc6 3. d4 cxd4 4. Nxd4 g6 5. Be3 Nf6 6. Nc3 Bg7 7. Be2 O-O 8. Qd2
d6 9. f3 d5 10. exd5 Nxd5 11. Nxd5 Qxd5 12. Nxc6 Qxc6 13. c3 Be6 14. O-O Rfd8
15. Qc2 b5 16. a3 a5 17. Rac1 Rac8 18. Rfe1 a4 19. Bf1 Rd7 20. Qe2 Bc4 21. Qf2
Bb3 22. Qe2 Rd5 23. Bf2 Rc7 24. Qe4 Bf6 25. Be2 Qd7 26. f4 Rd2 27. Qb1 Qd5 28.
Bd1 Ba2 29. Qa1 Bh4 30. Re2 Bxf2+ 31. Kxf2 Rd7 32. Ke1 Bc4 33. Qb1 Bxe2 34. Bxe2
Qxg2 0-1